000
00274nam a2200109Ia 4500
005
20251222155147.0
008
251222s9999||||xx |||||||||||||| ||spa||
082
_a
GIN.29.1-2/T.II
245
0
_a
Obstetricia I Y II parte Fotocopia folleto
264
_b
No tiene
942
_c
LIB
999
_c
39429
_d
39429